000 00695nam a2200229 a 4500
001 BRCA_5332
005 20190320205033.0
008 031210s1905----enka######---#000-0#eng-#
041 _aeng
044 _aenk
050 4 _aPZ3
_b.D53P 1905
100 1 _aDickens, Charles
_d1812 - 1870
_913676
245 1 0 _aThe Posthumous Papers of the Pickwick Club
_cby Charles Dickens
260 _aLondres
_bThomas Nelson and Sons
_c1905
300 _a845 p.
_bil., 1 lámina
_c16 cm.
440 0 _aNew Century Library
_pThe works of Charles Dickens
_vI
_913677
500 _aEdición con cabeza dorada
500 _aM8
650 1 4 _aLiteratura inglesa
_ySiglo XX
_913678
902 _aGFM
942 _2lcc
_cB
999 _c5026
_d5026